[Event "FRA-ch U18"]
[Site "Hyeres"]
[Date "2019.04.20"]
[Round "8"]
[White "Mazzella, Enzo"]
[Black "Travadon, Loic"]
[Result "1/2-1/2"]
[WhiteElo "2249"]
[BlackElo "2456"]
[PlyCount "212"]
[EventDate "2019.04.14"]
[EventType "swiss"]
[EventRounds "9"]
[EventCountry "FRA"]
[SourceTitle "CBM 190 Extra"]
[Source "ChessBase"]
[SourceDate "2019.07.15"]
[SourceVersion "1"]
[SourceVersionDate "2019.07.15"]
[SourceQuality "1"]

1. e4 e5 2. Nf3 d6 3. d4 exd4 4. Nxd4 Nf6 5. Nc3 Be7 6. Bf4 0-0 7. Qd2 d5 8. exd5 Nxd5 9. Nxd5 Qxd5 10. Nb3 Qxd2+ 11. Nxd2 Bf5 12. 0-0-0 Nc6 13. Nb3 Bf6 14. Bd3 Bxd3 15. Rxd3 Nb4 16. Rd7 Nxa2+ 17. Kb1 Nb4 18. c3 Na6 19. Bxc7 b5 20. Bf4 Rfc8 21. Rc1 b4 22. Rd6 Rc4 23. Bg3 Nc5 24. Nxc5 Rxc5 25. cxb4 Rb5 26. Rdc6 h5 27. Rc8+ Rxc8 28. Rxc8+ Kh7 29. Bd6 Rd5 30. Bc5 Rd2 31. Ra8 Rxb2+ 32. Kc1 Re2 33. Kd1 Rb2 34. Kc1 Re2 35. Kd1 Rb2 36. Rxa7 Kg6 37. Rb7 Bh4 38. g3 Bg5 39. h4 Bf6 40. Ke1 Kf5 41. Kf1 Ke6 42. Kg2 Rc2 43. Ra7 g5 44. hxg5 Bxg5 45. Ra6+ Kf5 46. Ra5 Ke6 47. Ra1 h4 48. gxh4 Bxh4 49. Rb1 f5 50. Rb3 f4 51. Kf3 Rc4 52. Rd3 Bf6 53. Bd6 Bd4 54. Bxf4 Rxb4 55. Bg3 Rc4 56. Kg2 Ra4 57. Rb3 Ra5 58. Kh3 Kf5 59. Rf3+ Kg6 60. Rd3 Be5 61. f4 Bf6 62. Kg4 Ra4 63. Rd7 Rc4 64. Ra7 Rb4 65. Ra6 Kf7 66. Bf2 Bd4 67. Bh4 Rb1 68. Bg5 Rb6 69. Ra7+ Kg8 70. Rd7 Bg7 71. f5 Bf6 72. Bxf6 Rxf6 73. Kg5 Ra6 74. Re7 Kf8 75. Rh7 Kg8 76. Rh4 Kg7 77. Re4 Kf7 78. Rb4 Kg7 79. Rb7+ Kg8 80. Rb5 Kg7 81. Rc5 Kg8 82. Re5 Kf7 83. Rd5 Kg7 84. Rb5 Kg8 85. Rc5 Kg7 86. Rc7+ Kg8 87. Rc4 Kg7 88. Rc5 Kg8 89. Rc8+ Kg7 90. Rb8 Rc6 91. Ra8 Rb6 92. Ra5 Rc6 93. Ra1 Rb6 94. Rf1 Rb2 95. Rf4 Rg2+ 96. Rg4 Rxg4+ 97. Kxg4 Kf6 98. Kf4 Kf7 99. Ke5 Ke7 100. f6+ Kf7 101. Kf5 Kf8 102. Kf4 Kf7 103. Ke5 Kf8 104. Ke6 Ke8 105. f7+ Kf8 106. Kd6 Kxf7 1/2-1/2

[Event "FRA-ch U18"]
[Site "Hyeres"]
[Date "2019.04.14"]
[Round "1"]
[White "Drevet, Florian"]
[Black "Mazzella, Enzo"]
[Result "0-1"]
[WhiteElo "1707"]
[BlackElo "2249"]
[PlyCount "92"]
[EventDate "2019.04.14"]
[EventType "swiss"]
[EventRounds "9"]
[EventCountry "FRA"]
[SourceTitle "CBM 190 Extra"]
[Source "ChessBase"]
[SourceDate "2019.07.15"]
[SourceVersion "1"]
[SourceVersionDate "2019.07.15"]
[SourceQuality "1"]

1. d4 Nf6 2. c4 g6 3. Nc3 d5 4. cxd5 Nxd5 5. Na4 Bg7 6. e4 Nb6 7. Be3 0-0 8. Nf3 Nc6 9. Nc5 e6 10. Bb5 f5 11. Bxc6 bxc6 12. Qb3 f4 13. Nxe6 Bxe6 14. Qxe6+ Kh8 15. Bd2 Re8 16. Qxc6 Qd6 17. Qc2 g5 18. h3 Qg6 19. 0-0 g4 20. hxg4 Qxg4 21. Qxc7 Rf8 22. Ne5 Qh5 23. Nf3 Rac8 24. Qxa7 Rf6 25. Rfc1 Rg8 26. Rc5 Qe8 27. Re5 Qd8 28. Ba5 Rg6 29. Re7 Qd6 30. Bxb6 Qb4 31. Bc5 Qxb2 32. Rf1 Qe2 33. Rxg7 R6xg7 34. Qxg7+ Rxg7 35. Nh2 Qxe4 36. f3 Qe3+ 37. Kh1 Qe2 38. Rg1 Qxa2 39. Bd6 Rf7 40. Re1 Qa4 41. Ng4 h5 42. Ne5 Rg7 43. Bf8 Rg8 44. Nf7+ Kh7 45. Bc5 Qa2 46. Rg1 Qxf7 0-1

[Event "Vandoeuvre op-A 15th"]
[Site "Vandoeuvre"]
[Date "2019.01.02"]
[Round "1.1"]
[White "Mazzella, Enzo"]
[Black "Bauer, Christian"]
[Result "0-1"]
[WhiteElo "2181"]
[BlackElo "2637"]
[PlyCount "200"]
[EventDate "2019.01.02"]
[EventType "swiss"]
[EventRounds "9"]
[EventCountry "FRA"]
[SourceTitle "EXT 2020"]
[Source "ChessBase"]
[SourceDate "2019.10.17"]
[SourceVersion "1"]
[SourceVersionDate "2019.10.17"]
[SourceQuality "1"]

1. e4 c5 2. Nc3 Nc6 3. Bb5 Nd4 4. Bc4 e6 5. Nf3 Nf6 6. 0-0 a6 7. d3 Nc6 8. e5 Ng4 9. Bf4 d6 10. exd6 Bxd6 11. Bxd6 Qxd6 12. Ne4 Qe7 13. d4 cxd4 14. Nxd4 Nce5 15. Be2 Nf6 16. Nxf6+ Qxf6 17. c3 0-0 18. f4 Ng6 19. Qd2 Rd8 20. Rae1 Bd7 21. Bf3 Rab8 22. g3 Bb5 23. Rf2 Bc4 24. b3 Bd5 25. Qe3 Ne7 26. Bg4 g6 27. Rd2 b5 28. Red1 Re8 29. Nf3 h5 30. Bh3 Bxf3 31. Qxf3 Rec8 32. Rc1 Rd8 33. Rdc2 Rbc8 34. Qe3 Nd5 35. Qe1 Kg7 36. Bf1 h4 37. Kf2 hxg3+ 38. hxg3 g5 39. c4 bxc4 40. Rxc4 Rxc4 41. bxc4 Qd4+ 42. Kf3 Nf6 43. fxg5 Ng4 44. Qc3 Ne5+ 45. Kg2 Qe4+ 46. Kf2 Kg8 47. Re1 Qf5+ 48. Kg2 Ng4 49. Qf3 Rd2+ 50. Re2 Qxg5 51. c5 Ne3+ 52. Kf2 Ng4+ 53. Kg2 Ne3+ 54. Kf2 Nxf1 55. Kxf1 Rd5 56. Rf2 Qe7 57. Qg4+ Rg5 58. Qf4 Rxc5 59. Qg4+ Rg5 60. Qf3 Kg7 61. Kg2 Rf5 62. Qg4+ Qg5 63. Qd4+ Qf6 64. Qg4+ Rg5 65. Qh4 Qe5 66. Rd2 Qf5 67. Qd4+ e5 68. Qc4 Rh5 69. g4 Rh4 70. Kg3 Qh7 71. Qd5 Rh3+ 72. Kg2 Rh2+ 73. Kg1 Rxd2 74. Qxd2 Qh4 75. Qe2 Qg3+ 76. Kh1 a5 77. Qe4 Qf4 78. Qe2 Kh6 79. Qe1 a4 80. Qd1 Kg5 81. Qd7 Kh4 82. Qd5 Kxg4 83. Qg2+ Kh5 84. Qd5 Kg6 85. Qd6+ Kg7 86. Qd5 Qh4+ 87. Kg2 Qd4 88. Qf3 Qd2+ 89. Kh3 Qh6+ 90. Kg2 Qf4 91. Qd5 Kg6 92. Qd6+ Kh5 93. Qf8 Qf6 94. Qb4 Qg5+ 95. Kh3 Qf5+ 96. Kg3 Qf4+ 97. Qxf4 exf4+ 98. Kxf4 Kg6 99. Kg4 a3 100. Kf4 Kf6 0-1